PLANT GROWTH REGULATOR ABSTRACTS (Record no. 12042)

MARC details
000 -LEADER
fixed length control field 00375nam a2200133Ia 4500
022 ## - INTERNATIONAL STANDARD SERIAL NUMBER
ISSN 0305-9154
245 #0 - TITLE STATEMENT
Title PLANT GROWTH REGULATOR ABSTRACTS
260 ## - PUBLICATION, DISTRIBUTION, ETC. (IMPRINT)
Name of publisher CAB International, Wallingford, London
Place of publication UK
310 ## - CURRENT PUBLICATION FREQUENCY
Current publication frequency BM
500 ## - GENERAL NOTE
General note Ending Volume & Year: 23, 1997
500 ## - GENERAL NOTE
General note Starting Volume & Year: 1, 1975
942 ## - ADDED ENTRY ELEMENTS (KOHA)
Koha item type Bound Journal
Holdings
Withdrawn status Lost status Damaged status Not for loan Home library Current library Date acquired Accession Number Koha item type
      Bound journals RRII Library RRII Library 31/12/2021 11919J Bound Journal